000
00222nam a2200097Ia 4500
005
20251222114402.0
008
251222s1900||||xx |||||||||||||| ||spa||
082
_a
DVD0060/C523L/2003/Ej.2
245
0
_a
Limelight:
942
_c
DVD
999
_c
1666
_d
1666